[Event "Budapest FS11 IM-B"]
[Site "Budapest"]
[Date "1997.11.04"]
[Round "3"]
[White "Madl, Ildiko"]
[Black "Dudas, Janos"]
[Result "1/2-1/2"]
[WhiteElo "2375"]
[BlackElo "2400"]

1.e4 c5 2.Nf3 Nc6 3.Nc3 Nf6 4.Bb5 a6 5.Bxc6 dxc6 6.e5 Nd5 7.Ne4 c4 8.O-O Bf5
9.Qe2 Nf4 10.Qxc4 Qd5 11.Qxd5 Ne2+ 12.Kh1 cxd5 13.Nc3 Nxc3 14.dxc3 e6 15.Nd4 Bg6
16.Be3 Bc5 17.Rac1 Bxd4 18.Bxd4 Rc8 19.f3 Rc6 20.Kg1 Kd7 21.Kf2 Rhc8 22.Ke3 Rc4
23.Rg1 Ra4 24.a3 h5 25.Rgd1 a5 26.g3  1/2-1/2

[Event "RUS-Cup01 Chigorin mem"]
[Site "St Petersburg"]
[Date "1997.11.06"]
[Round "6"]
[White "Frolov, Denis"]
[Black "Aleksandrov, Danila"]
[Result "1-0"]
[WhiteElo "2325"]
[BlackElo "2275"]

1.e4 c5 2.Nf3 Nc6 3.Nc3 e5 4.Bc4 d6 5.d3 Be7 6.O-O Be6 7.Nd5 Nf6 8.Ng5 Bxd5
9.exd5 Nb8 10.Bb5+ Nbd7 11.Ne6 fxe6 12.dxe6 O-O 13.exd7 a6 14.Bc4+ d5 15.Bb3 Qxd7
16.f4 e4 17.c4 dxc4 18.Bxc4+ Kh8 19.dxe4 Qxd1 20.Rxd1 Nxe4 21.Re1 Nd6 22.Rxe7 Nxc4
23.b3 Nd6 24.Bb2 Rf7 25.Rxf7 Nxf7 26.Re1 Kg8 27.Re7 b5 28.Rc7 Rd8 29.Rxc5 Rd1+
30.Kf2 Nd6 31.Rc2 Kf7 32.Be5 Nf5 33.g4 Ne7 34.Rc7 Ke6 35.Bxg7 Rd2+ 36.Ke3 Rxa2
37.f5+ Kd6 38.Be5+ Kxe5 39.Rxe7+ Kd6 40.Rxh7 Rb2 41.Kf4 Rxb3 42.Rh6+  1-0

[Event "AUT-chT 9798"]
[Site "Austria"]
[Date "1997.11.08"]
[Round "4"]
[White "Lendwai, Reinhard"]
[Black "Topakian, Raffi"]
[Result "1-0"]
[WhiteElo "2375"]
[BlackElo "2340"]

1.e4 c5 2.Ne2 Nc6 3.Nbc3 Nf6 4.g3 g6 5.Bg2 Bg7 6.O-O O-O 7.d3 d6 8.h3 Bd7
9.f4 Ne8 10.f5 Nd4 11.g4 Rc8 12.Be3 b5 13.Qd2 b4 14.Nd1 Nxe2+ 15.Qxe2 e6
16.Qd2 a5 17.Kh1 d5 18.fxg6 hxg6 19.exd5 exd5 20.Bg5 f6 21.Bxd5+ Kh7 22.Bf4 Bxg4
23.Qg2 Bd7 24.Ne3 Nc7 25.Rg1 g5 26.Be4+ Kh8 27.Bd6 Rg8 28.Qf3 Qe8 29.Nf5 Ne6
30.Rae1 Qf7 31.Bd5 Rce8 32.c3 bxc3 33.bxc3 Qg6 34.Ne7 Rxe7 35.Bxe7 Re8 36.Bxe6 Rxe7
37.Bxd7 Rxd7 38.Rg3 Kh7 39.Rf1 Re7 40.Qf5 Qxf5 41.Rxf5 Re1+ 42.Kg2 Ra1 43.Rxc5 Rxa2+
44.Kf3 Kg6 45.h4 Bh6 46.d4 a4 47.hxg5 Bxg5 48.Ra5 Kf7 49.Ke4  1-0

[Event "AUT-chT2S 9798"]
[Site "Austria"]
[Date "1997.11.15"]
[Round "3"]
[White "Hresc, Vladimir"]
[Black "Manhardt, Thomas"]
[Result "1-0"]
[WhiteElo "2425"]
[BlackElo "2175"]

1.e4 c5 2.Nf3 Nc6 3.Nc3 d6 4.d4 cxd4 5.Nxd4 e5 6.Nb3 Be6 7.Be2 Nf6 8.O-O Be7
9.Kh1 d5 10.exd5 Nxd5 11.Nxd5 Bxd5 12.Be3 O-O 13.c3 b6 14.Qc2 Qc8 15.Rad1 Be6
16.f4 Bf5 17.Qc1 e4 18.Nd4 Nxd4 19.Bxd4 Be6 20.f5 Bxf5 21.Qf4 Be6 22.Qe5 f6
23.Qxe4 f5 24.Qe3 Bf6 25.Bxf6 Rxf6 26.Bf3 Rb8 27.Rd6 Bc4 28.Rxf6 Bxf1 29.Bd5+ Kh8
30.Qe5 Bd3 31.Rf7 Qg8 32.Rxg7  1-0

[Event "DEN-chT 9798"]
[Site "Denmark"]
[Date "1997.11.15"]
[Round "2"]
[White "Pedersen, Finn"]
[Black "Jorgensen, Brian Jorgen"]
[Result "1-0"]
[WhiteElo "2295"]
[BlackElo "2285"]

1.e4 c5 2.Nc3 Nc6 3.Nge2 g6 4.g3 Bg7 5.Bg2 d6 6.d3 Rb8 7.a4 a6 8.f4 e6 9.Be3 Nd4
10.Bf2 Ne7 11.Nxd4 cxd4 12.Ne2 Qa5+ 13.Qd2 Qxd2+ 14.Kxd2 Nc6 15.c3 e5 16.cxd4 exd4
17.b4 Nxb4 18.Bxd4 Bxd4 19.Nxd4 a5 20.Nb5 Ke7 21.Rhc1 Bd7 22.d4 Rhc8 23.e5 d5
24.Bf1 Bf5 25.Nd6 Rc2+ 26.Rxc2 Bxc2 27.Bb5 Bf5 28.Rc1 Nc6 29.Nxf5+ gxf5 30.Ke3 Rc8
31.Rc5 Ke6 32.Bd3 h5 33.Be2 Rh8 34.Bd1 h4 35.Rxd5 hxg3 36.hxg3 Rh3 37.Rd6+ Ke7
38.d5 Nb4 39.Bf3 Rxg3 40.Kf2 Rh3 41.Kg2 Rh4 42.Kg3 Rh7 43.Rb6 Rg7+ 44.Kf2 Nd3+
45.Ke3 Nc5 46.Kd4  1-0

[Event "AUT-chT2S 9798"]
[Site "Austria"]
[Date "1997.11.16"]
[Round "4"]
[White "Ceschia, Ivano"]
[Black "Kwatschewsky, Leo"]
[Result "1/2-1/2"]
[WhiteElo "2315"]
[BlackElo "2235"]

1.e4 c5 2.Nc3 Nc6 3.Nge2 d6 4.d4 cxd4 5.Nxd4 Nf6 6.Bc4 Qb6 7.Nb3 e6 8.Be3 Qc7
9.f4 a6 10.a4 b6 11.Be2 Be7 12.Bf3 Rb8 13.Qe2 O-O 14.O-O Nd7 15.Qc4 Bb7 16.Nd4 Rbc8
17.Nxe6 fxe6 18.Qxe6+ Rf7 19.Nd5 Qd8 20.e5 Nf8 21.Qh3 dxe5 22.Nxb6 Rxf4 23.Bd5+ Kh8
24.Bxf4 exf4 25.Nxc8 Bxc8 26.Qb3 Nd4 27.Qc4 Nf5 28.Qe4 Ne3 29.Bb3 Nxf1 30.Rxf1 Ng6
31.Re1 Qf8 32.c3 Bf5 33.Qd5 Bc5+ 34.Kh1 Be3 35.Bc4 h6 36.Bxa6 Nh4 37.Bd3 Bxd3
38.Qxd3 f3 39.Qxe3 fxg2+ 40.Kg1 Nf3+ 41.Kxg2 Nxe1+ 42.Qxe1 Qa8+ 43.Kg3 Qb8+
44.Kh3 Qc8+ 45.Kg2 Qb7+ 46.Kg3 Qb8+ 47.Kf3 Qxb2 48.Qe8+ Kh7 49.Qe5 Qa1 50.a5 Qf1+
51.Ke3 Qg1+ 52.Kd3 Qd1+ 53.Ke4 Qe2+ 54.Kd4 Qf2+ 55.Kd5 Qf7+ 56.Kc5 Qa7+ 57.Kb4 Qb7+
58.Qb5 Qe4+ 59.c4 Qe1+ 60.Kc5 Qe7+  1/2-1/2

[Event "CZE-chT 9798"]
[Site "CZE"]
[Date "1997.11.16"]
[Round "2"]
[White "Drbohlav, Frantisek"]
[Black "Suran, Jan"]
[Result "1/2-1/2"]
[WhiteElo "2265"]
[BlackElo "2280"]

1.e4 c5 2.Nc3 Nc6 3.Nge2 e6 4.g3 Nf6 5.Bg2 Be7 6.O-O O-O 7.d3 Rb8 8.h3 b5
9.a3 a5 10.f4 d5 11.e5 Nd7 12.g4 b4 13.axb4 axb4 14.Na4 Ra8 15.Be3 Ba6 16.g5 Qc7
17.Ng3 b3 18.c4 dxc4 19.Nh5 Rfd8 20.Nxg7 Kxg7 21.Qh5 Nf8 22.f5 exf5 23.Rxf5 Nxe5
24.Raf1 Bd6 25.g6 fxg6 26.Qh6+ Kh8 27.Bg5 Be7 28.Rf7 Nxf7 29.Rxf7 Qe5 30.Rxe7 Qd4+
31.Be3 Qf6 32.Bg5 Qd4+ 33.Be3  1/2-1/2

[Event "CZE-chT 9798"]
[Site "CZE"]
[Date "1997.11.16"]
[Round "2"]
[White "Simacek, Pavel"]
[Black "Palek, Miroslav"]
[Result "1-0"]
[WhiteElo "2320"]
[BlackElo "2245"]

1.e4 c5 2.Nf3 Nc6 3.Nc3 g6 4.d4 cxd4 5.Nxd4 Bg7 6.Be3 Nf6 7.Nxc6 bxc6 8.e5 Ng8
9.Bd4 Qa5 10.e6 Nf6 11.exf7+ Kxf7 12.f4 c5 13.Be5 e6 14.Bd3 Bb7 15.O-O Bc6
16.Ne4 Bxe4 17.Bxe4 Rad8 18.f5 gxf5 19.Bxf5 exf5 20.Rxf5 Rhe8 21.Bxf6 Bxf6
22.Qh5+ Kg7 23.Rxf6 Kxf6 24.Rf1+ Ke6 25.Qh6+ Kd5 26.Rd1+ Ke4 27.Qxh7+ Ke5
28.Qh5+ Kf6 29.Rf1+ Ke6 30.Qg6+ Kd5 31.Rd1+ Ke5 32.Qd6+ Kf5 33.Rf1+ Ke4 34.Qd3+ Ke5
35.Rf5+  1-0

[Event "DEN-chT 9798"]
[Site "Denmark"]
[Date "1997.11.16"]
[Round "3"]
[White "Sorensen, Jan"]
[Black "Fuglsang, Flemming"]
[Result "1/2-1/2"]
[WhiteElo "2395"]
[BlackElo "2275"]

1.e4 c5 2.Nf3 Nc6 3.Nc3 g6 4.d4 cxd4 5.Nxd4 Bg7 6.Nb3 Nf6 7.Be2 O-O 8.O-O d6
9.Kh1 a5 10.a4 Be6 11.Bg5 Rc8 12.f4 Nb4 13.Nd4 Bc4 14.Ndb5 Qb6 15.Bxc4 Rxc4
16.Qe2 Rfc8 17.Rad1 Qc5 18.f5 Nc6 19.Bxf6 Bxf6 20.fxg6 hxg6 21.Nxd6 exd6
22.Rxf6 Rd4 23.Rdf1 Ne5 24.Nb5 Rxa4 25.Nxd6 Rc6 26.Nxb7 Qxc2 27.Qxc2 Rxc2
28.Rb6 Rb4 29.Rxb4 axb4 30.b3 Rc3 31.Rb1 Nd3 32.Kg1 Nc1 33.Na5 Rc2 34.Nc4 Nxb3
35.Rxb3 Rxc4 36.Re3 Kf8 37.Kf2 Ke7 38.Kf3 Rc3 39.Rxc3 bxc3 40.Ke3 Ke6 41.Kd3 Ke5
42.Kxc3 Kxe4 43.Kd2 f5 44.Ke2 g5 45.Kf2 g4 46.Kg3 Ke3 47.h3 gxh3  1/2-1/2

[Event "Bayern-chI Bank Hofmann"]
[Site "Bad Wiessee"]
[Date "1997.11.18"]
[Round "4"]
[White "Chandler, Patrick"]
[Black "Chapman, Alan"]
[Result "1-0"]
[WhiteElo "2145"]
[BlackElo "2040"]

1.e4 c5 2.Nc3 Nc6 3.Nge2 Nf6 4.d4 cxd4 5.Nxd4 e5 6.Nf5 d5 7.exd5 Bxf5 8.dxc6 Qxd1+
9.Nxd1 bxc6 10.Ne3 Bg6 11.Bc4 Be7 12.O-O Rd8 13.Bb3 O-O 14.Nc4 Nd7 15.Be3 c5
16.Rad1 Kh8 17.Na5 Be4 18.f3 Ba8 19.Bd5 Nb6 20.Bxa8 Rxa8 21.Nc6 Nc4 22.Bc1 Bf6
23.b3 Rfc8 24.bxc4 Rxc6 25.Rd5 Rb8 26.Ba3 Ra6 27.Bxc5 Rxa2 28.Bd6 Rbb2 29.Rb5 e4  1-0

[Event "Bayern-chI Bank Hofmann"]
[Site "Bad Wiessee"]
[Date "1997.11.21"]
[Round "7"]
[White "Ankerst, Milka"]
[Black "Weichelt, Jens"]
[Result "0-1"]
[WhiteElo "2170"]
[BlackElo "2235"]

1.e4 c5 2.Nf3 Nc6 3.Nc3 a6 4.d4 cxd4 5.Nxd4 e6 6.Be3 Nge7 7.Bd3 Nxd4 8.Bxd4 Nc6
9.Be3 Be7 10.O-O O-O 11.f4 b5 12.e5 d6 13.exd6 Qxd6 14.Ne4 Qc7 15.Ng5 g6
16.Qg4 Kg7 17.Rae1 Bf6 18.c3 b4 19.Qh3 Rh8 20.Ne4 Be7 21.c4 Bd7 22.Nc5 Rhd8
23.Be4 Rac8 24.Rd1 Nb8 25.Nxd7 Rxd7 26.Rxd7 Nxd7 27.b3 Rd8 28.Kh1 Bc5 29.Bc1 Nf6
30.Bc2 Qc6 31.Qf3 Qxf3 32.Rxf3 Ne4 33.g3 Nc3 34.Rd3 Rxd3 35.Bxd3 Nxa2 36.Bd2 Kf6
37.Kg2 e5 38.Kf3 Ke6 39.Be4 Nc3 40.Bb7 a5 41.Bc8+ Kd6 42.fxe5+ Kxe5 43.Bf4+ Kf6
44.Bd7 a4 45.Bxa4 Nxa4 46.bxa4 b3 47.Ke4 Bd4 48.Kd3 Ke6 49.a5 Kd7 50.Bd2 Kc6
51.Bb4 f5 52.Ba3 Be5 53.Bb4 h5 54.Bd2 Bd4 55.Bg5 Kb7 56.Bf4 Kc6 57.Bg5 Bg1
58.Kc3 Bxh2 59.Bh4 g5 60.Bxg5 Bxg3 61.Kxb3 h4 62.Bxh4 Bxh4 63.Kc3 Bf2 64.Kd3 Kd6
65.Ke2 Bc5  0-1

[Event "GER-ch"]
[Site "Gladenbach"]
[Date "1997.11.21"]
[Round "5"]
[White "Keitlinghaus, Ludger"]
[Black "Gisbrecht, Ewgeni"]
[Result "1/2-1/2"]
[WhiteElo "2525"]
[BlackElo "2400"]

1.e4 c5 2.Nc3 Nc6 3.Bb5 g6 4.Bxc6 bxc6 5.d3 Bg7 6.f4 d6 7.Nf3 Nf6 8.O-O O-O
9.Qe1 Nd7 10.Kh1 Rb8 11.b3 Re8 12.Bb2 Qa5 13.e5 Qd8 14.Qe4 d5 15.Qe1 Nb6
16.h3 c4 17.d4 a5 18.Ba3 Ra8 19.b4 axb4 20.Bxb4 Na4 21.Nxa4 Rxa4 22.g4 Bh6
23.Bd2 c5 24.f5 Bg7 25.e6 Rf8 26.Ng5 fxe6 27.Nxe6 Bxe6 28.Qxe6+ Kh8 29.fxg6 Rxa2
30.Rxf8+ Qxf8 31.Rxa2 Qf1+ 32.Kh2 Qf2+ 33.Kh1 Qf1+  1/2-1/2

[Event "CZE-chT 9798"]
[Site "CZE"]
[Date "1997.12.13"]
[Round "3"]
[White "Simacek, Pavel"]
[Black "Choleva, Zdenek"]
[Result "1-0"]
[WhiteElo "2320"]
[BlackElo "2250"]

1.e4 c5 2.Nf3 Nc6 3.Nc3 d6 4.d4 cxd4 5.Nxd4 e5 6.Ndb5 a6 7.Na3 b5 8.Nd5 Nf6
9.Bg5 Be7 10.Bxf6 Bxf6 11.c3 O-O 12.Nc2 Be6 13.a4 bxa4 14.Rxa4 a5 15.Bc4 Ne7
16.Nxf6+ gxf6 17.Bxe6 fxe6 18.Qg4+ Kf7 19.O-O Ng6 20.Qh3 Rg8 21.Qxh7+ Rg7
22.Qh5 Qb6 23.Ne3 Rh8 24.Qd1 Nf4 25.g3 Qd8 26.b4 Rxh2 27.Rxa5 Rh1+ 28.Kxh1 Qh8+
29.Kg1 Nh3+ 30.Kg2 Nf4+ 31.Kf3 Qh5+ 32.Ng4 Rxg4 33.Ra7+ Kg6 34.Ke3 Ng2+ 35.Kd3 d5
36.Kc2 dxe4 37.Rh1 Qg5 38.Rg7+ Kxg7 39.Qd7+ Kg8 40.Qe8+ Kg7 41.Rh8  1-0

[Event "CZE-chT 9798"]
[Site "CZE"]
[Date "1997.12.13"]
[Round "3"]
[White "Pisk, Petr"]
[Black "Zezulkin, Jurij"]
[Result "0-1"]
[WhiteElo "2310"]
[BlackElo "2485"]

1.e4 c5 2.Nf3 Nc6 3.Nc3 g6 4.d4 cxd4 5.Nxd4 Bg7 6.Nde2 Nf6 7.g3 h5 8.h4 d6
9.Bg2 Bg4 10.O-O Rc8 11.Be3 O-O 12.a4 a6 13.f3 Bd7 14.Nd5 Nxd5 15.exd5 Na5
16.Ra2 Nc4 17.Bd4 Bxd4+ 18.Qxd4 Qb6 19.Re1 Qa5 20.Rd1 b5 21.b3 Ne5 22.f4 Ng4
23.Raa1 Rxc2 24.b4 Qc7 25.Rac1 Rc8 26.Be4 Rc4 27.Rxc4 Qxc4 28.Qxc4 Rxc4 29.Rd4 Rxd4
30.Nxd4 bxa4 31.Nc6 a3 32.Bb1 Ne3 33.Ba2 Nxd5  0-1

[Event "Raiffeisen op-A 6th"]
[Site "Aschach"]
[Date "1997.12.30"]
[Round "6"]
[White "Lendwai, Reinhard"]
[Black "Teske, Henrik"]
[Result "1/2-1/2"]
[WhiteElo "2375"]
[BlackElo "2515"]

1.e4 c5 2.Ne2 Nc6 3.Nbc3 e6 4.g3 a6 5.Bg2 b5 6.O-O Bb7 7.d3 b4 8.Na4 d6 9.c3 Nf6
10.d4 bxc3 11.bxc3  1/2-1/2

[Event "Alushta"]
[Site "Alushta"]
[Date "1997.??.??"]
[Round "5"]
[White "Onoprienko, Vladimir"]
[Black "Mukhametov, Eldar"]
[Result "1-0"]
[WhiteElo "2295"]
[BlackElo "2460"]

1.e4 c5 2.Nc3 Nc6 3.Nf3 d6 4.d4 cxd4 5.Nxd4 Nf6 6.Bc4 Qb6 7.Nb3 e6 8.Bf4 Ne5
9.Be2 Bd7 10.O-O Be7 11.Be3 Qc7 12.f4 Nc4 13.Bd4 O-O 14.Bxc4 Qxc4 15.Qd3 Qc7
16.e5 dxe5 17.fxe5 Ng4 18.h3 Nh6 19.Rae1 Bc6 20.g4 b6 21.Qe3 Bb7 22.Nd2 Rad8
23.Nde4 Bxe4 24.Nxe4 Qxc2 25.Rd1 Rd5 26.Rd2 Qc7 27.Nf6+  1-0

[Event "Alushta"]
[Site "Alushta"]
[Date "1997.??.??"]
[Round "5"]
[White "Eismont, Oleg"]
[Black "Rogovski, Vladimir"]
[Result "1-0"]
[WhiteElo "2465"]
[BlackElo "2455"]

1.e4 c5 2.Nc3 Nc6 3.Nf3 e6 4.Bb5 Nge7 5.O-O Nd4 6.Nxd4 cxd4 7.Ne2 a6 8.Ba4 Nc6
9.d3 Be7 10.f4 O-O 11.f5 b5 12.Bb3 Na5 13.Ng3 Nxb3 14.axb3 Kh8 15.Nh5 d5
16.f6 gxf6 17.e5 f5 18.Bf4 Rg8 19.Qe2 Bb7 20.Rf3 Rg4 21.Raf1 Rc8 22.Nf6 Bxf6
23.exf6 Rxf4 24.Rxf4 Qxf6 25.g4 Rg8  1-0

[Event "Andorra op"]
[Site "Andorra"]
[Date "1997.??.??"]
[Round "3"]
[White "Spraggett, Kevin"]
[Black "Pelle, Guillaume"]
[Result "1-0"]
[WhiteElo "2580"]
[BlackElo "2170"]

1.e4 c5 2.Nc3 Nc6 3.Nge2 e5 4.Nd5 d6 5.Nec3 Nf6 6.Bc4 Be7 7.d3 h6 8.f4 exf4
9.Bxf4 O-O 10.O-O Be6 11.Qd2 Nh7 12.a3 Bg5 13.Rae1 Qd7 14.Re3 Nd4 15.Bxg5 Nxg5
16.Rg3 Kh8 17.Ne2 Nxe2+ 18.Qxe2 b5 19.Rxg5 bxc4 20.Nf6 Qe7 21.Rh5 Rfb8 22.Qd2 Qf8
23.Rf3 Rxb2 24.Rg3 Rb1+ 25.Kf2 g6 26.Rxh6+ Kg7 27.Rh7+ Kxf6 28.Qg5+  1-0

[Event "Ano Liosia op"]
[Site "Ano Liosia"]
[Date "1997.??.??"]
[Round "3"]
[White "Gadjilu, Rauf"]
[Black "Agamaliev, Djamil"]
[Result "1-0"]
[WhiteElo "2290"]
[BlackElo "2475"]

1.e4 c5 2.Nf3 Nc6 3.Nc3 Nf6 4.e5 Ng4 5.Qe2 d6 6.exd6 Qxd6 7.Ne4 Qc7 8.h3 Nge5
9.Nxe5 Qxe5 10.c3 e6 11.d3 Be7 12.Ng3 b6 13.Qxe5 Nxe5 14.Be3 O-O 15.O-O-O Bb7
16.d4 cxd4 17.Bxd4 Ng6 18.f3 Rfd8 19.Ne4 Rac8 20.Bf2 Bxe4 21.fxe4 Bg5+ 22.Kc2 Rxd1
23.Kxd1 Rd8+ 24.Ke1 Bd2+ 25.Ke2 Bc1 26.b4 Rd2+ 27.Kf3 Rxa2  1-0

[Event "Ano Liosia op"]
[Site "Ano Liosia"]
[Date "1997.??.??"]
[Round "4"]
[White "Cela, Altin"]
[Black "Kotronias, Vasilios"]
[Result "0-1"]
[WhiteElo "2450"]
[BlackElo "2590"]

1.e4 c5 2.Nf3 Nc6 3.Nc3 d6 4.d4 cxd4 5.Nxd4 Nf6 6.Bc4 Qb6 7.Nb3 e6 8.Bf4 Ne5
9.Be2 a6 10.Be3 Qc7 11.f4 Nc4 12.Bxc4 Qxc4 13.Qf3 Qc7 14.O-O-O b5 15.a3 Bb7
16.f5 Rc8 17.fxe6 fxe6 18.Nd4 Qd7 19.Qh3 e5 20.Ne6 Rxc3 21.bxc3 Bxe4 22.Bc5 Bd5
23.Rxd5 Nxd5 24.Rd1 Nf4 25.Nxf4 Qxh3 26.Nxh3 dxc5 27.Rd5 Be7 28.Rxe5 Kd7
29.Ng5 c4 30.Kb2 Re8 31.Nf3 Bf6 32.Rh5 h6 33.Nd4 Re5 34.Rh3 Rg5 35.g3 Re5
36.g4 Re4 37.Rh5 Rxg4 38.Rd5+ Ke7 39.a4 bxa4 40.Nc6+ Kf7 41.Ra5 Rh4  0-1

[Event "Ano Liosia op"]
[Site "Ano Liosia"]
[Date "1997.??.??"]
[Round "6"]
[White "Velickovic, Sasa"]
[Black "Miladinovic, Igor"]
[Result "1/2-1/2"]
[WhiteElo "2395"]
[BlackElo "2510"]

1.e4 c5 2.Nc3 Nc6 3.Nge2 e6 4.g3 d5 5.exd5 exd5 6.Bg2 d4 7.Nd5 Bd6 8.O-O Nge7
9.Nef4 Nxd5 10.Nxd5 Be6 11.c4 O-O 12.d3 Qd7 13.f4 Rfe8 14.Bd2 Bf5 15.Qc2 Qe6
16.Rae1 Qg6 17.Be4 Re6 18.Bxf5 Qxf5 19.Re4 h5 20.Bc1 Rae8 21.Rfe1 a6 22.Qg2 Qg6
23.Qf3 f5 24.Rxe6 Rxe6 25.Rxe6 Qxe6 26.Bd2  1/2-1/2

[Event "Ano Liosia op"]
[Site "Ano Liosia"]
[Date "1997.??.??"]
[Round "7"]
[White "Gashimov, Sarkhan"]
[Black "Nikolaidis, Ioannis"]
[Result "0-1"]
[WhiteElo "2215"]
[BlackElo "2565"]

1.e4 c5 2.Nf3 Nc6 3.Nc3 d6 4.d4 cxd4 5.Nxd4 Nf6 6.Be2 e5 7.Nb3 Be7 8.O-O O-O
9.f4 a5 10.a4 Nb4 11.Bf3 Be6 12.Be3 exf4 13.Bxf4 Nxc2 14.Qxc2 Qb6+ 15.Qf2 Qxf2+
16.Kxf2 Bxb3 17.Nb5 d5 18.exd5 Bxd5 19.Nc7 Rad8 20.Nxd5 Nxd5 21.Bxd5 Rxd5
22.Rfd1 Bc5+ 23.Kf3 Rfd8 24.Rxd5 Rxd5 25.Re1 f6 26.Re8+ Kf7 27.Rb8 Rd7 28.h4 h5
29.Rh8 Kg6 30.Rc8 b6 31.g4 Rd3+ 32.Ke2 Rd4 33.gxh5+ Kxh5 34.Rh8+ Kg6 35.h5+ Kf7
36.Bd2 Rxa4 37.Rc8 Rh4 38.Rc7+ Ke6 39.Rxg7 Rxh5 40.Rb7 f5 41.Kd3 Rh4 42.Rc7 Rd4+
43.Ke2 Kd5 44.Bc3 Re4+ 45.Kd3 Re3+ 46.Kd2 f4 47.Rc8 Kc4 48.Rc7 Re7 49.Rxe7 Bxe7
50.Be5 Kb3 51.Ke2 Bc5 52.Kf3 Be3 53.Ke4 a4 54.Kd3 b5 55.Bf6 Bc1  0-1

[Event "Ano Liosia op"]
[Site "Ano Liosia"]
[Date "1997.??.??"]
[Round "8"]
[White "Gadjilu, Rauf"]
[Black "Tzermiadianos, Andreas"]
[Result "1-0"]
[WhiteElo "2290"]
[BlackElo "2370"]

1.e4 c5 2.Nf3 Nc6 3.Nc3 e5 4.Bc4 d6 5.d3 h6 6.Nd5 Nf6 7.Nxf6+ Qxf6 8.c3 g5
9.Nd2 Be6 10.Nf1 O-O-O 11.Ne3 h5 12.Rb1 Qg6 13.Qa4 Kb8 14.O-O h4 15.b4 cxb4
16.Nd5 Bh6 17.Qxc6 bxc6 18.Rxb4+ Kc8 19.Ne7+ Kc7 20.Nxg6  1-0

[Event "EU-ch Rapid"]
[Site "Athens"]
[Date "1997.??.??"]
[Round "1"]
[White "David, Alberto"]
[Black "Grivas, Efstratios"]
[Result "1/2-1/2"]
[WhiteElo "2460"]
[BlackElo "2465"]

1.e4 c5 2.Nf3 Nc6 3.Nc3 e5 4.Bc4 Be7 5.O-O d6 6.d3 Nf6 7.Ng5 O-O 8.f4 exf4
9.Bxf4 h6 10.Nf3 Na5 11.Qd2 Nxc4 12.dxc4 Be6 13.b3 Nh5 14.Bxh6 gxh6 15.Qxh6 Ng7
16.Rad1 Qe8 17.e5 dxe5 18.Nxe5 Rd8 19.Rde1 Rd4 20.Ne4 Qd8 21.h4 Nf5 22.Qh5 Ng7
23.Qh6 Nf5 24.Qh5 Ng7 25.Qh6  1/2-1/2

[Event "NZD-ch"]
[Site "Auckland"]
[Date "1997.??.??"]
[Round "10"]
[White "Love, Anthony J"]
[Black "Sutherland, John"]
[Result "1/2-1/2"]
[WhiteElo "2250"]
[BlackElo "2085"]

1.e4 c5 2.Nc3 Nc6 3.Nf3 Nf6 4.e5 Ng4 5.Qe2 Qc7 6.Nb5 Qb8 7.d4 cxd4 8.Bf4 f6
9.Nh4 Ngxe5 10.Qh5+ g6 11.Nxg6 hxg6 12.Qxh8 Nf3+ 13.gxf3 Qxf4 14.Bd3 f5 15.Qg8 e6
16.Qxg6+ Ke7 17.Qg3 Bh6 18.Qxf4 Bxf4 19.Ke2 a6 20.Na3 b5 21.h4 Bb7 22.h5 Ne5
23.Rh3 Nf7 24.Rh4 Be5 25.f4 Bf6 26.Rh3 Rg8 27.Rg3 Rh8 28.Rh3 Rg8 29.Rg3 Rh8
30.Rh3  1/2-1/2

[Event "AUT-chT2W 9798"]
[Site "Austria"]
[Date "1997.??.??"]
[Round "2"]
[White "Pilz, Dieter"]
[Black "Gross, David"]
[Result "0-1"]
[WhiteElo "2250"]
[BlackElo "2385"]

1.e4 c5 2.Nc3 Nc6 3.Nf3 d6 4.Bb5 Bd7 5.O-O Nf6 6.Re1 e6 7.Bxc6 Bxc6 8.d4 cxd4
9.Nxd4 Be7 10.Bf4 Qd7 11.Bg3 O-O 12.Qe2 a6 13.a4 Rad8 14.a5 h6 15.Red1 Qc8
16.Bh4 Rfe8 17.Qe1 Bd7 18.Rd3 Qc5 19.Qd1 g5 20.Bg3 e5 21.Nb3 Qc4 22.Nd2 Qe6
23.Qe2 Bc6 24.Nf1 Bf8 25.Rad1 d5 26.exd5 Nxd5 27.Nxd5 Rxd5 28.Rxd5 Bxd5 29.Ne3 Bc6
30.Qd3 e4 31.Qd4 f5 32.Bc7 f4 33.Nd5 Bg7 34.Qc5 f3 35.gxf3 exf3 36.Nc3 Qg4+
37.Bg3  0-1

[Event "AUT-chT2W 9798"]
[Site "Austria"]
[Date "1997.??.??"]
[Round "2"]
[White "Amann, Guenter"]
[Black "Schmidlechner, Alexander"]
[Result "1/2-1/2"]
[WhiteElo "2280"]
[BlackElo "2195"]

1.e4 c5 2.Nf3 Nc6 3.Nc3 d6 4.Bc4 e5 5.d3 Be7 6.Nd2 Bg5 7.Nf1 Bxc1 8.Rxc1 Nf6
9.Ne3 Be6 10.O-O O-O 11.Ncd5 Bxd5 12.Nxd5 Nxd5 13.Bxd5 Qd7 14.f4 exf4 15.Rxf4 Ne7
16.Qh5 Nxd5 17.Qxd5 Rae8 18.Rf5 Qc7 19.Rcf1 Re5 20.Qc4  1/2-1/2

[Event "AUT-chT9697"]
[Site "Austria"]
[Date "1997.??.??"]
[Round "7"]
[White "Volkmann, Friedrich"]
[Black "Brod, Manfred"]
[Result "1/2-1/2"]
[WhiteElo "2380"]
[BlackElo "2270"]

1.e4 c5 2.Nc3 Nc6 3.Nge2 g6 4.d4 cxd4 5.Nxd4 Bg7 6.Be3 Nf6 7.Bc4 Qa5 8.O-O O-O
9.h3 Qb4 10.Bb3 Nxe4 11.Nxe4 Nxd4 12.Bd2 Qb6 13.Be3 Qb4 14.Bd2 Qb6 15.Be3 Qb4  1/2-1/2

[Event "AUT-chT2W 9697"]
[Site "Austria"]
[Date "1997.??.??"]
[Round "8"]
[White "Peterwagner, Heinz"]
[Black "Doskocil, Klaus"]
[Result "1/2-1/2"]
[WhiteElo "2185"]
[BlackElo "2240"]

1.e4 c5 2.Nc3 Nc6 3.Nge2 Nf6 4.g3 d5 5.exd5 Nxd5 6.Bg2 e6 7.O-O Be7 8.Nxd5 exd5
9.d4 cxd4 10.Nxd4 O-O 11.c3 Bf6 12.Be3 Ne5 13.h3 b6 14.Re1 Bb7 15.Bf4  1/2-1/2

[Event "AUT-chT9697"]
[Site "Austria"]
[Date "1997.??.??"]
[Round "8"]
[White "Felsberger, Alfred"]
[Black "Volkmann, Friedrich"]
[Result "0-1"]
[WhiteElo "2395"]
[BlackElo "2380"]

1.e4 c5 2.Nc3 Nc6 3.Nge2 g6 4.d4 cxd4 5.Nxd4 Bg7 6.Nb3 Bxc3+ 7.bxc3 Nf6 8.Bd3 d5
9.exd5 Qxd5 10.O-O O-O 11.Re1 Bg4 12.f3 Bf5 13.c4 Qd6 14.Bxf5 Qxd1 15.Rxd1 gxf5
16.Bb2 Rfd8 17.Bxf6 exf6 18.Rd5 Nb4 19.Rb5 Nxc2 20.Rc1 Nd4 21.Nxd4 Rxd4 22.Rxb7 Rd2
23.Rcb1 Rxa2 24.R1b2 Rxb2 25.Rxb2 Kf8 26.Kf2 a5 27.Ke3 Ke7 28.Kd4 a4 29.Kc3 Kd6
30.Rd2+ Kc6 31.Kb4 a3 32.Ra2 Rb8+ 33.Kc3 Ra8 34.Kb4 Rb8+ 35.Kxa3 Kc5 36.Rd2 Kxc4
37.Rd6 Rg8 38.g3 Rg6 39.Rd7 Rh6 40.Rxf7 Kd4 41.h4 Ke3 42.f4 Kf3 43.Rg7 Rg6
44.Rxh7 Rxg3 45.h5 Kxf4+ 46.Kb2 Rh3 47.Kc2 Kf3 48.Kd2 f4 49.h6 Kf2 50.Rh8 f3
51.h7 Kf1 52.Kd1 f2 53.Kd2 Kg2  0-1

[Event "AUT-chT9697"]
[Site "Austria"]
[Date "1997.??.??"]
[Round "8"]
[White "Topakian, Raffi"]
[Black "Freitag, Manfred"]
[Result "1/2-1/2"]
[WhiteElo "2340"]
[BlackElo "2365"]

1.e4 c5 2.Nc3 Nc6 3.Bb5 Nd4 4.a4 g6 5.d3 Bg7 6.Nge2 e6 7.O-O Ne7 8.Nxd4 cxd4
9.Ne2 a6 10.Bc4 d5 11.exd5 Nxd5 12.a5 b5 13.axb6 Nxb6 14.Bb3 a5 15.c4 dxc3
16.bxc3 O-O 17.Ba3 Re8 18.Qd2 Bb7 19.Rfd1 Qc7 20.Rab1 Red8 21.Qg5 Nd5 22.c4 Nb4
23.Qe3 Rab8 24.Bxb4 axb4 25.d4 e5 26.d5 Bf8 27.Ng3 Bc5 28.Qg5 Be7 29.Qe3 Bc5  1/2-1/2

[Event "AUT-chT9697"]
[Site "Austria"]
[Date "1997.??.??"]
[Round "9"]
[White "Staudner, Oliver"]
[Black "Topakian, Raffi"]
[Result "1-0"]
[WhiteElo "2500"]
[BlackElo "2500"]

1.e4 c5 2.Nf3 Nc6 3.Nc3 d6 4.d4 cxd4 5.Nxd4 e5 6.Nf3 Be7 7.Be2 Nf6 8.Bg5 O-O
9.O-O Be6 10.Bxf6 Bxf6 11.Nd5 Bxd5 12.Qxd5 Qc7 13.c3 Rad8 14.Rad1 Ne7 15.Qc4 Qa5
16.Qb3 d5 17.exd5 Rxd5 18.Qxb7 Rxd1 19.Rxd1 Qxa2 20.Nd2 Ng6 21.Bc4 Qa4 22.Bb3 Qg4
23.h3 Qe2 24.Qxa7 Nf4 25.Qe3 Qb5 26.Rb1 Rd8 27.Bc4 Qa4  1-0

[Event "AUT-chT2W 9697"]
[Site "Austria"]
[Date "1997.??.??"]
[Round "9"]
[White "Peterwagner, Heinz"]
[Black "Schmidlechner, Alexander"]
[Result "1-0"]
[WhiteElo "2185"]
[BlackElo "2255"]

1.e4 c5 2.Nc3 Nc6 3.Nf3 d6 4.d4 cxd4 5.Nxd4 e5 6.Ndb5 Nf6 7.Bg5 a6 8.Na3 Be7
9.Nc4 Be6 10.Bxf6 gxf6 11.Ne3 Nd4 12.Bd3 Bf8 13.Ncd5 Bh6 14.c3 Bxe3 15.Nxe3 Nc6
16.Bc4 Ne7 17.Qf3 Ng6 18.Rd1 Qe7 19.g3 Rc8 20.Bd5 Kf8 21.h4 h5 22.Rd2 Kg7
23.O-O Kh6 24.Rfd1 Rcd8 25.Nf5+ Bxf5 26.exf5 Nf8 27.Bxb7 Nd7 28.Rxd6 Nb8
29.Rxd8 Rxd8 30.Rxd8 Qxd8 31.b4 Qc7 32.Bd5 Qd7 33.c4 Qe7 34.c5 a5 35.a3 axb4
36.axb4 Na6 37.Qe2 Qd7 38.Qxa6 Qxd5 39.Qxf6+ Kh7 40.Qd6 Qe4 41.c6 Qe1+ 42.Kg2 e4
43.Qc5 e3 44.Qxe3 Qxb4 45.Qf3 Qc5 46.Qxh5+ Kg7 47.f6+  1-0

[Event "Bad Homburg"]
[Site "Bad Homburg"]
[Date "1997.??.??"]
[Round "7"]
[White "Sutovskij, Emil"]
[Black "Lutz, Christopher"]
[Result "1/2-1/2"]
[WhiteElo "2590"]
[BlackElo "2590"]

1.e4 c5 2.Nc3 Nc6 3.Nf3 g6 4.Bb5 Bg7 5.O-O e5 6.Bxc6 bxc6 7.d3 Ne7 8.a3 O-O
9.Be3 d6 10.b4 cxb4 11.axb4 Qc7 12.b5 Bd7 13.Rxa7 Rxa7 14.b6 Qb7 15.bxa7 c5
16.Nd2 Qxa7 17.Nc4 Qc7 18.Qd2 Bc6 19.f4 f6 20.fxe5 fxe5 21.Rxf8+ Bxf8 22.Bh6 Bg7
23.Qg5 Kh8 24.Ne2 Bb5 25.Bxg7+ Kxg7 26.Ng3 Bxc4 27.Nh5+ Kf7 28.Qf6+ Ke8 29.Ng7+ Kd7
30.dxc4 Qa5 31.h4 Qe1+ 32.Kh2 Nc8 33.Qe6+ Kc7 34.Kh3 Qh1+ 35.Kg3 Qe1+ 36.Kh3 Qh1+
37.Kg3 Qe1+  1/2-1/2

[Event "Wch Seniors"]
[Site "Bad Wildbad"]
[Date "1997.??.??"]
[Round "3"]
[White "Luboshitz, Alexander"]
[Black "Suetin, Alexey S"]
[Result "1/2-1/2"]
[WhiteElo "2205"]
[BlackElo "2410"]

1.e4 c5 2.Nf3 Nc6 3.Nc3 g6 4.d4 cxd4 5.Nxd4 Bg7 6.Be3 Nf6 7.Be2 O-O 8.f4 d6
9.Qd2 Bd7 10.O-O Qc8 11.h3 Rd8 12.Bf3 Nxd4  1/2-1/2